[Event "POL-chT3 Dolnoslaskie 1617"]
[Site "Poland"]
[Date "2016.12.11"]
[Round "4.18"]
[White "Kolasinski, Krzysztof"]
[Black "Olszewski, Pawel"]
[Result "1-0"]
[WhiteElo "2087"]
[BlackElo "1835"]
[PlyCount "99"]
[EventDate "2016.10.16"]
[EventType "team-tourn"]
[EventRounds "11"]
[EventCountry "POL"]
[SourceTitle "EXT 2018"]
[Source "ChessBase"]
[SourceDate "2017.10.13"]
[SourceVersion "1"]
[SourceVersionDate "2017.10.13"]
[SourceQuality "1"]

1. d4 Nf6 2. c4 c5 3. d5 b5 4. cxb5 a6 5. bxa6 g6 6. Nc3 Bxa6 7. e4 Bxf1 8. Kxf1 d6 9. Nf3 Bg7 10. g3 Nbd7 11. Kg2 0-0 12. a4 Qa5 13. Bd2 Rfc8 14. Nb5 Qa6 15. Re1 Ng4 16. Bc3 Nge5 17. Nxe5 Nxe5 18. Qe2 c4 19. Bxe5 Bxe5 20. Rec1 Qa5 21. Rxc4 Rxc4 22. Qxc4 Bxb2 23. Ra2 Bf6 24. Qc6 Rb8 25. h4 h5 26. Qc4 Kg7 27. f4 Kg8 28. Re2 Bg7 29. Qc7 Rxb5 30. Qc8+ Kh7 31. axb5 Qxb5 32. Qc2 Bd4 33. Re1 Qa5 34. Qe2 Kg7 35. Rd1 Qa4 36. Qd3 Bc5 37. Rf1 Qd4 38. Qxd4+ Bxd4 39. Kf3 Bc5 40. g4 hxg4+ 41. Kxg4 e6 42. dxe6 fxe6 43. Rc1 Kf6 44. e5+ Ke7 45. Rc2 Kd7 46. Kg5 Be3 47. Re2 Bc1 48. Re1 Bb2 49. Kxg6 dxe5 50. fxe5 1-0